LEADER 01669nas1 2200385 i 450 001 CFI0297995 005 20231121125450.0 011 $a1123-3036 020 $aIT$b95-620S 100 $a20101209a19939999||||0itac50 ba 101 | $aita 102 $ait 110 $aa|u|||||||| 181 1$6z01$ai $bxxxe 182 1$6z01$an 200 1 $a˜Il œdiritto dell'economia$erivista quadrimestrale di dottrina, giurisprudenza e documentazione. Quaderno 207 0$a1- 210 $aModena$cMucchi$dstampa 1993- 215 $a v.$d25 cm 300 $aPeriodicità non determinata. 312 $aTit. sul dorso: ˜Il œdiritto dell'economia. Quaderno.$9CFI0297996 463 1$1001PAV0024864$12001 $a˜Il œdiritto dell'immigrazione$fa cura di Vittorio Gasparini Casari e Giovanni Cordini$v5 517 1 $a˜Il œdiritto dell'economia. Quaderno.$9CFI0297996 517 1 $aQuaderno de Il diritto dell'economia$9CFI0763833 606 $aEconomia$xDiritto$xPeriodici$2FIR$3RMLC400224$9I 676 $a343.450705$9$v21 801 3$aIT$bIT-01$c20101209 850 $aIT-FR0098 899 $aBiblioteca Area Giuridico Economica$bFR0098 912 $aCFI0297995 950 1$aBiblioteca Area Giuridico Economica$c1992-2002$d 53IMP PERIT27$e 53VP 0000225455 VP Descr.Fascicoli:1992-2002$fC $h20010212$i20121204$cVol.2003,no.1,2003 2 fasc.: 1-2$d 53IMP PERIT27$e 53VP 0000196415 VP Descr.Fascicoli:Vol.2003,no.1,2003 2 fasc.: 1-2$fC $h20030708$i20121204 967 $m1 977 $a 01$a 53 996 $aDiritto dell'economia$9797762 997 $aUNICAS LEADER 01227nam0 22003131i 450 001 UON00071063 005 20231205102351.126 100 $a20020107d1981 |0itac50 ba 101 $aita 102 $aIT 105 $a|||| ||||| 200 1 $aRegni africani$fLucy Mair 205 $aMilano : Feltrinelli$b1981 210 $a191 p.$a23 cm 215 $aTit. orig.: African kingdoms 316 $aData inesatta$5IT-UONSI AFRGEN/0414 410 1$1001UON00066164$12001 $aˆL'‰avventura umana. -1-$v4 500 1$3UON00358847$aAfrican kingdoms$918890 606 $aRegni Africani$3UONC018492$2FI 620 $aIT$dMilano$3UONL000005 676 $a321.0096$cStato - Africa$v21 700 1$aMAIR$bLucy$3UONV045990$0136845 712 $aFeltrinelli$3UONV246160$4650 801 $aIT$bSOL$c20250704$gRICA 912 $aUON00071063 950 $aSIBA - SISTEMA BIBLIOTECARIO DI ATENEO$dSI GEN 0414 $eSI AA 4591 5 0414 Data inesatta 950 $aSIBA - SISTEMA BIBLIOTECARIO DI ATENEO$dSI B A 0420 $eSI SC 10870 5 0420 996 $aAfrican kingdoms$918890 997 $aUNIOR